Guess Aespa MV From Screenshots - Statistics

General Stats
  • This quiz has been taken 93 times
  • The average score is 12 of 20
Answer Stats
Picture Answer % Correct
Whiplash
93%
Spicy
88%
Girls
81%
Hot Mess
77%
Supernova
77%
Better Things
72%
Armageddon
71%
Welcome To MY World
71%
Black Mamba
65%
Next Level
65%
Forever
59%
Drama
58%
Dreams Come True
58%
Savage
54%
Live My Life
41%
Licorice
39%
Life's Too Short
39%
Salty & Sweet
39%
#Long Chat
38%
I'm Unhappy
35%
No matching quizzes found
Score Distribution
Percent of People with Each Score
Percentile by Number Answered
Your Score History
You have not taken this quiz